|
|
|
|
| LEADER |
00000nam0a2200000 4500 |
| 001 |
211865 |
| 005 |
20231101225719.0 |
| 010 |
|
|
|a 9785845917461
|
| 035 |
|
|
|a (RuTPU)RU\TPU\book\231466
|
| 090 |
|
|
|a 211865
|
| 100 |
|
|
|a 20120321d2012 km y0rusy50 ca
|
| 101 |
1 |
|
|a rus
|c eng
|
| 102 |
|
|
|a RU
|
| 105 |
|
|
|a a z 001zy
|
| 200 |
1 |
|
|a Android 3 для профессионалов. Создание приложений для планшетных компьютеров и смартфонов
|e пер. с англ.
|f С. Коматинени, Д. Маклин, С. Хашими
|
| 210 |
|
|
|a Москва
|c Вильямс
|d 2012
|
| 215 |
|
|
|a 1022 с.
|c ил.
|
| 320 |
|
|
|a Предметный указатель: с. 1018-1022.
|
| 330 |
|
|
|a Эта книга посвящена построению реальных мобильных приложений с использованием новой версии Android 3.0 SDK. В ней раскрываются все аспекты, начиная с основ создания приложений для встроенных устройств, телефонов и планшетных ПК и заканчивая расширенными концепциями, такими как построение трехмерных компонентов и реализация многозадачности. Кроме того, вы научитесь работать с картами, реализовывать средства поиска, использовать виджеты домашнего экрана и ActionBar. Благодаря этому руководству и многочисленным советам экспертов вы быстро научитесь создавать современные мобильные приложения и запускать их на десятках смартфонов, основанных на платформе Android. Вы освоите множество API-интерфейсов Android, включая интерфейсы, предназначенные для работы с медиа и датчиками; ознакомитесь с новыми возможностями Android 3.0, в числе которых улучшенный пользовательский интерфейс для всех платформ Android, интеграция с WebM и многое другое, и обретете знания, которые помогут создать великолепные передовые приложения и быстро реагировать на изменения в будущем.
|
| 606 |
1 |
|
|a Персональные ЭВМ планшетные
|2 stltpush
|3 (RuTPU)RU\TPU\subj\71631
|9 85447
|
| 610 |
1 |
|
|a планшетные компьютеры
|
| 610 |
1 |
|
|a смартфоны
|
| 610 |
1 |
|
|a среда разработки
|
| 610 |
1 |
|
|a Android
|
| 610 |
1 |
|
|a настройка
|
| 610 |
1 |
|
|a возможности
|
| 610 |
1 |
|
|a использование
|
| 675 |
|
|
|a 004.382.7
|v 4
|
| 700 |
|
1 |
|a Коматинени
|b С.
|g Сатия
|
| 701 |
|
1 |
|a Маклин
|b Д.
|g Дэйв
|
| 701 |
|
1 |
|a Хашими
|b С.
|g Саид
|
| 801 |
|
1 |
|a RU
|b 63413507
|c 20120321
|
| 801 |
|
2 |
|a RU
|b 63413507
|c 20140414
|g RCR
|
| 942 |
|
|
|c BK
|
| 959 |
|
|
|a 44/20120321
|d 1
|e 1323,00
|f ЧЗТЛ:1
|